The China Pakistan axis : Asia's new geopolitics (Record no. 445022)

000 -LEADER
fixed length control field 00540cam a22001697a 4500
008 - FIXED-LENGTH DATA ELEMENTS--GENERAL INFORMATION
fixed length control field 180718b2015 xxu||||| |||| 00| 0 eng d
020 ## - INTERNATIONAL STANDARD BOOK NUMBER
International Standard Book Number 9788184007589
082 ## - DEWEY DECIMAL CLASSIFICATION NUMBER
Classification number Dx547 Sm15
100 ## - MAIN ENTRY--PERSONAL NAME
Personal name Small, Andrew
245 ## - TITLE STATEMENT
Title The China Pakistan axis : Asia's new geopolitics
Statement of responsibility, etc. by Andrew Small
260 ## - PUBLICATION, DISTRIBUTION, ETC.
Place of publication, distribution, etc. Gurgaon
Name of publisher, distributor, etc. Random House
Date of publication, distribution, etc. 2015
300 ## - PHYSICAL DESCRIPTION
Extent 347p.
650 ## - SUBJECT ADDED ENTRY--TOPICAL TERM
Topical term or geographic name entry element Pakistan -- Strategic aspects
650 ## - SUBJECT ADDED ENTRY--TOPICAL TERM
Topical term or geographic name entry element Pakistan -- Foreign relations -- China
650 ## - SUBJECT ADDED ENTRY--TOPICAL TERM
Topical term or geographic name entry element China -- Foreign relations -- Pakistan
650 ## - SUBJECT ADDED ENTRY--TOPICAL TERM
Topical term or geographic name entry element Geopolitics -- Pakistan
Holdings
Withdrawn status Lost status Damaged status Not for loan Permanent Location Current Location Date acquired Total Checkouts Full call number Barcode Date last seen Date last checked out Price effective from Koha item type
        Indian Institute of Public Administration Indian Institute of Public Administration 2016-01-14 2 Dx547 Sm15 86397 2021-03-15 2020-08-21 2018-07-21 Book

Powered by Koha